000 00471pab a2200169 454500
008 180718b1971 xxu||||| |||| 00| 0 eng d
100 _aNarula, B.S.
245 _aAdministrative Reforms Commission: Perspective and findings
260 _c1971
300 _ap.634-660.
362 _aOct-Dec
650 _aAdministrative Reforms Commission
650 _aAdministrative reform
773 _aIndian Journal of Public Administration
908 _aN
909 _a100011
999 _c100010
_d100010